Cómo resolver los problemas de aprendizaje y estudio de sus hijos / (Registro nro. 12936)

Detalles MARC
000 -LEADER
fixed length control field 00672nam a22001937a 4500
003 - CONTROL NUMBER IDENTIFIER
control field DO-SdBNP
005 - DATE AND TIME OF LATEST TRANSACTION
control field 20171201100835.0
008 - FIXED-LENGTH DATA ELEMENTS--GENERAL INFORMATION
fixed length control field 171117b 1989 pa ||||| |||| 00| 0 spa d
020 ## - INTERNATIONAL STANDARD BOOK NUMBER
International Standard Book Number 0944499309
040 ## - CATALOGING SOURCE
Original cataloging agency BPMSU
Language of cataloging spa
Transcribing agency BPMSU
092 ## - LOCALLY ASSIGNED DEWEY CALL NUMBER (OCLC)
Classification number xxxx
Item number xxxx
245 10 - TITLE STATEMENT
Title Cómo resolver los problemas de aprendizaje y estudio de sus hijos /
Statement of responsibility, etc. dirección general, María Eloísa Alvarez del Real.
260 ## - PUBLICATION, DISTRIBUTION, ETC. (IMPRINT)
Place of publication, distribution, etc. Panamá, República de Panamá ;
Name of publisher, distributor, etc. Editorial América,
Date of publication, distribution, etc. [1989?]
300 ## - PHYSICAL DESCRIPTION
Extent 256 p. :
Other physical details il. ;
Dimensions 20 cm.
700 12 - ADDED ENTRY--PERSONAL NAME
Personal name Álvarez del Real, María Eloísa,
Relator term dir.
942 ## - ADDED ENTRY ELEMENTS (KOHA)
Source of classification or shelving scheme Dewey Decimal Classification
Koha item type Libros
945 ## - LOCAL PROCESSING INFORMATION (OCLC)
a Inventariado 2017/ LP
956 ## - LOCAL ELECTRONIC LOCATION AND ACCESS (OCLC)
Host name LOPEREZ
Access number 10
Compression information 20171117
Existencias
Withdrawn status Lost status Source of classification or shelving scheme Damaged status Not for loan Collection code Home library Current library Date acquired Source of acquisition Total Checkouts Barcode Date last seen Price effective from Koha item type
    Dewey Decimal Classification     Colección General Biblioteca Pública Metropolitana Salomé Ureña Biblioteca Pública Metropolitana Salomé Ureña 11/17/2017 FUNDI   BPMSU17110244 11/17/2017 11/17/2017 Libros